MDQL
is popping MORE tags! Check the
thread
!
Quizzes
Events
Quiz Creation
Community
Videos
Private Events
Remove Ads
Sign In
Join for FREE
Feedback
Dark Mode
Quiz Categories
Sports
Geography
Music
Movies
Television
Just For Fun
Miscellaneous
History
Literature
Language
Science
Gaming
Entertainment
Religion
Holiday
For Kids
Quiz Lab
Recent
Popular Today
Quiz Kudos Today
Editor Picks
Curator Picks
Quizzes by...
Day
Popularity
Type
Ratings
Length
Year
Community
Subscriptions
Recent Discussions
Orange Saloon
Badges
Playlists
Quests
Create
Leaderboards
Showdown
Live 5
Trivia Bingo
Activity
Puzzle Library
Sporcle Events
Private Events
Virtual Trivia
Globe League
Become a Host
Pub Owners
SporcleCon
Opinionation
Our Games
Videos
Blog
Mobile Apps
Partnerships
Remove Ads and Go Orange
Feedback
Miscellaneous
Crossword
General Knowledge
Baby Names
Logo
Food
Cars
Numbers
Grab Bag
University
College
Popular
Company
Slogans
Restaurants
Justice
Letter
Miscellaneous
Crossword
General Knowledge
Baby Names
Logo
Food
Cars
Numbers
Grab Bag
University
College
Popular
Company
Slogans
Restaurants
Justice
Letter
Random Quiz
Search Sporcle
×
Featured
Featured
Miscellaneous
United Kingdom
Click on answers out of a set of options
Click on answers out of a set of options
Multiple Choice
Best Score? Go Orange.
UK Pub Quiz: From Across the Pond Stats
Can you choose the answer to each question that might be found in pub trivia in the UK?
By
DesertSpartan
6m
20 Questions
25K Plays
24,967 Plays
24,967 Plays
Comments
Comments
Give Quiz Kudos
Give Quiz Kudos
-
- Ratings
hide this ad
Random Order
Randomize order of answers
Randomize order of answers
Replay
Link that replays current quiz
Next Quiz
Link to next quiz in quiz playlist
You Got
0%
They Got
Avg Score
52%
Avg Friend Score
Upgrade to see
Score Distribution
Jump to the score distribution portion of the page
Score
0/20
Timer
06:00
0
Plays Today
Question
Answer
Wrong Answers
Who is considered the founder of modern nursing?
Florence Nightingale
88.7%
Mary Seacole
2.5%
Edith Cavell
2.4%
Elizabeth Fry
3.8%
Which author's first major publication was
The Pickwick Papers
?
Charles Dickens
79.9%
Jonathan Swift
7.1%
Jane Austen
4.3%
Agatha Christie
6.3%
Who was the last Viceroy of India?
Lord Mountbatten
79.8%
Lord Mayo
4.6%
Lord Willingdon
5.5%
Lord Chelmsford
7%
Yakety Sax
was the closing theme to which TV show?
The Benny Hill Show
69.5%
Only Fools and Horses....
9.4%
Monty Python's Flying Circus
13.8%
The 11 O'Clock Show
6.2%
Which is the oldest university in the UK?
University of Oxford
67.9%
University of Cambridge
12.4%
University of St Andrews
15.6%
University of Glasgow
1.5%
Which constituent country is the birthplace of AC/DC's Angus and Malcolm Young?
Scotland
63.4%
England
10%
Wales
13.1%
Northern Ireland
8.9%
Which British sailor was known as the pirate Blackbeard?
Edward Teach
62.5%
Francis Drake
9.6%
Horatio Nelson
4.1%
William Kidd
21.8%
Following the Harry Potter series, what was the first novel by J.K. Rowling not involving the wizarding world?
The Casual Vacancy
57.3%
The Cuckoo's Calling
21.6%
The Silkworm
13.6%
Lethal White
4.1%
Which of these works of art was not painted by J. M. W. Turner?
The Blue Boy
54.4%
Rain, Steam and Speed – The Great Western Railway
13%
The Burning of the Houses of Lords and Commons
21%
The Wreck of a Transport Ship
8.3%
Who was the final ruler in the House of York?
Richard III
53.2%
Edward V
17.4%
Henry VIII
13.4%
James I
10.8%
Which University did Mick Jagger attend?
London School of Economics
51.9%
University of Oxford
8.5%
University of Cambridge
9.1%
Imperial College London
30.2%
Which actress portrays Eve in
Killing Eve
?
Sandra Oh
51.2%
Jodie Comer
27.7%
Fiona Shaw
9.2%
Eve Torres
7.6%
Who defeated Napoleon in the Battle of Waterloo?
Arthur Wellesley, 1st Duke of Wellington
47.1%
Charles Cornwallis, 1st Marquess Cornwallis
5.9%
Horatio Nelson, 1st Viscount Nelson
41.5%
Sir George Prévost, 1st Baronet
1.5%
The first mammal cloned from an adult somatic cell was Dolly the sheep. At which university did this occur?
University of Edinburgh
45.4%
University of Cambridge
21.8%
University of Oxford
6.2%
University of Glasgow
22.5%
Wilfrid Brambell, who portrayed Albert Steptoe in
Steptoe and Son
, portrayed the grandfather of which Beatle in
A Hard Day's Night
?
Paul McCartney
37.5%
John Lennon
23.8%
George Harrison
17.4%
Ringo Starr
19.5%
Chariots of Fire
is the true story of Eric Liddell, and Harold Abrahams in the 1924 Olympics. Which best describes their success?
Both won Gold medals
34.1%
Neither won a Gold medal
33.1%
Only Eric Liddell won a Gold medal
16.9%
Only Harold Abrahams won a Gold medal
12%
Thomas Lipton of tea and grocery fame competed regularly in which sport?
Yachting at the America's Cup
32.8%
Polo under the Hurlingham Polo Association
28.1%
Football in The Football Association
7.7%
Boxing under the Marquess of Queensberry Rules
26.4%
Which British automotive pioneer was the first Briton to be killed in an aeronautical accident with a powered aircraft?
Charles Rolls
30.4%
Lionel Martin
16.8%
W. O. Bentley
18.3%
Henry Royce
34.2%
Who was the longest-serving Prime Minister of the UK?
Robert Walpole
23.4%
Winston Churchill
23.3%
William Ewart Gladstone
21.8%
Margaret Thatcher
30.9%
Who was the first British recipient of the Nobel Peace Prize?
Randal Cremer
16.7%
Winston Churchill
40.1%
Austen Chamberlain
25.6%
Norman Angell
14.7%
Quiz Playlist
Details
Report
Send in Message
Add To Playlist
Multiple Choice:
Click on answers out of a set of options
Random Order:
Randomize order of answers
Last Updated: Jul 9, 2020
Featured
Quiz Scoreboard
CHALLENGE
Sign Up to Join the Scoreboard
Show All
Scores
Hide
Comments
May contain spoilers
Recently Published
Find the 'City' Movie
by crazypaving
Movies
60s
5x2 Blitz: Bands
by SL_Kpop136
Music
30s
Colored Red Africa Blitz
by spor1
Geography
30s
More to Explore
Quiz From the Vault
Featured Blog Post
14 Easter Pick-up Lines to Find Eggs With
hide this ad
You Might Also Like...
Tags
General Knowledge Quiz
Grab Bag Quiz
United Kingdom Quiz
UK
UK Pub Quiz
Today's Top Quizzes in Miscellaneous
Browse Miscellaneous
hide this ad
Today's Top Quizzes in United Kingdom
Browse United Kingdom
Top Contributed Quizzes in Miscellaneous
1
The JOE quick-fire general knowledge quiz: Day 174
2
5-to-1: Fast Food
3
9x9 Crossword: Disney Movie Titles
4
9x9 Crossword: Charlie and the Chocolate Factory
5
9x9 Crossword: Actors
6
9x9 Crossword: 2022 Movies
7
9x9 Crossword: The Simpsons
8
9x9 Crossword: Pixar Movie Titles
9
The JOE quick-fire general knowledge quiz: Day 173
10
9x9 Crossword: Flags
Explore More
Trending Topics
NBA
Disney
Kpop
Marvel
Harry Potter
Crossword
Anime
WWE
Country
The Office
Soccer
NFL
Pokémon
Puzzle
Song
hide this ad
More By:
DesertSpartan
Quiz
Plays
Rating
Category
Featured
Created
Clickable TV Catchphrases
201,786
4.54
Television
May 15, 2014
Multiple NCAA Champion States (Basketball)
168,617
4.46
Sports
Nov 24, 2013
TV Shows Named After Characters
157,959
4.47
Television
Dec 29, 2013
Name the Historical Figure Who...
154,157
4.44
History
Sep 1, 2013
Sort the Famous Brothers
153,903
4.40
Miscellaneous
Jan 31, 2015
Go to Creator's Profile
Score Distribution
Quiz Creator Spotlight
DesertSpartan
Follow
Send a Message
Quizzes Created
-
Created Quiz Play Count
-
More By This Creator
Popular Quizzes Today
1
Colored Red Africa Blitz
2
Find the 'City' Movie
3
Find the US States - No Outlines Minefield
4
5x2 Blitz: Bands
5
The Countries of the World
6
Find the US States
7
US States
8
Find the Countries of Europe - No Outlines Minefield
More Miscellaneous Quizzes
Missing Middles Medley: C
Published
Trending Quizzes
Colored Red Europe Blitz I
Colored Red Europe Blitz II
Colored Red Africa Blitz II
Colored Red Europe Blitz III
Colored Red Africa Blitz III
Recently Updated
How Do You Spell That?
pecheneg
Godzilla Movies
pecheneg
Grab Bag: 4-10 Letters
pecheneg
2024 March Madness Bracket
pecheneg
Famous TV Couples
Peacemaker
Champions League XIs: Real Madrid
pecheneg
Largest US Cities 1790-2010
pecheneg
Rides in Walt Disney World
pecheneg
Most Oscar Losses (Acting)
pecheneg
Beyoncé Albums
pecheneg
Trending Topics
Anime
Kpop
Crossword
Disney
NBA
Harry Potter
Marvel
NFL
The Office
Puzzle
Country
Pokémon
WWE
Song
Soccer
Your Account Isn't Verified!
In order to create a playlist on Sporcle, you need to verify the email address you used during registration. Go to your
Sporcle Settings
to finish the process.
Report this User
Report this user for behavior that violates our
Community Guidelines
.
Details:
Send Report
Go to the Sporcle.com Mobile Site →
Comments